| 000 | 01318cam a22004454a 4500 | ||
|---|---|---|---|
| 999 |
_c17378 _d17378 |
||
| 001 | YPZ19690 | ||
| 003 | YPZ | ||
| 005 | 20231215120251.0 | ||
| 008 | 070502|###########||||||b||||||||||spa|d | ||
| 020 | _a9875381403 | ||
| 040 |
_cSIUNPA _aSIUNPA _bspa _eAACR2 |
||
| 041 | _aspa | ||
| 044 | _aag | ||
| 080 | _a376 I611i | ||
| 100 | _aDubrovsky, Silvia | ||
| 245 |
_aLa integración escolar como problemática profesional _c/ Silvia Dubrovsky ... [et al.] ; compiladora Silvia Dubrovsky |
||
| 260 |
_aBuenos Aires _b : Novedades Educativas _c , 2005 |
||
| 300 | _a206 p. | ||
| 490 | _a(Conjunciones) | ||
| 650 | _a INTEGRACION ESCOLAR | ||
| 650 | _a EDUCACION ESPECIAL | ||
| 650 | _a EXPERIENCIA EDUCACIONAL | ||
| 650 | _a RELACION FAMILIA | ||
| 650 | _aESCUELA | ||
| 650 | _a POLIMODAL | ||
| 650 | _a DIFICULTADES EN EL APRENDIZAJE | ||
| 700 | _aAlegre, Sandra Teresa. | ||
| 700 | _aCampos, María del Carmen. | ||
| 700 | _aDibner, Nora. | ||
| 700 | _aGallo, Adriana Amelia. | ||
| 700 | _aGianella, Adriana Mónica. | ||
| 700 | _aGonzález, Graciela Margarita. | ||
| 700 | _aGutesman, Daniela. | ||
| 700 | _aKuitca, Rut. | ||
| 700 | _aKulesz, Analía. | ||
| 700 | _aNiro, Ana María Rita. | ||
| 700 | _aSipes, Marta. | ||
| 700 |
_aDubrovsky, Silvia _e, comp. |
||
| 942 |
_cBK _2udc |
||